• 首页
  • 本馆介绍
  • 公告通知
  • 最新文献
  • 馆藏检索
  • 电子资源
  • 读者导购
  • 参考咨询
  • 我的图书馆
  • 登录
  • 详细信息显示
  • 放入我的书架
  • 预约/预借图书
  • 作者相关作品
  • 分类相关作品
  • 丛书相关作品
  • 出版社相关作品

书目信息

  • 表格格式
  • 工作单格式
  • 卡片格式
题名:
海上画派与“海派四杰”
    
 
作者: 王子林 编著
分册:  
出版信息: 长春   吉林文史出版社  2018重印
页数: 120页
开本: 23cm
丛书名: 中国文化知识读本
单 册:
中图分类: J212.099
科图分类:
主题词: 中国画--zhong guo hua--画派--简介
电子资源:
ISBN: 978-7-5463-1993-3
000 00922nam 2200265 45
001 012001010350
005 20140101160403.0
010    @a978-7-5463-1993-3@dCNY34.80
099    @aCAL 012010158503
100    @a20100702d2010 em y0chiy0121 ea
101 0  @achi
102    @aCN@b220000
105    @aa z 000yy
106    @ar
200 1  @a海上画派与“海派四杰”@Ahai shang hua pai yu“hai pai si jie”@f编著王子林
210    @a长春@c吉林文史出版社@d2018重印
215    @a120页@c图@d23cm
225 2  @a中国文化知识读本@Azhong guo wen hua zhi shi du ben
330    @a本书内容包括:海上画派产生的历史背景、海上画派与海上名家、代表人物“海派四杰”、海上画派与“海派四杰”的艺术特点和地位。
410  0 @12001@a中国文化知识读本
606 0  @a中国画@Azhong guo hua@x画派@x简介
690    @aJ212.099@v4
701  0 @a王子林@Awang zi lin@4编著
801  2 @aCN@b上海新华@c20191020
905    @b1136494-7@dJ212.099@e1110@f4
    
    海上画派与“海派四杰”/编著王子林.-长春:吉林文史出版社,2018重印
    120页:图;23cm.-(中国文化知识读本)
    
    
    ISBN 978-7-5463-1993-3:CNY34.80
    本书内容包括:海上画派产生的历史背景、海上画派与海上名家、代表人物“海派四杰”、海上画派与“海派四杰”的艺术特点和地位。
●
相关链接 在E读中查询图书 在五车中查询图书 在当当中查询图书 在豆瓣中查询图书


正题名:海上画派与"海派四杰"     索取号:J212.099/1110         预约/预借

序号 登录号 条形码 馆藏地/架位号 状态 备注
1 1136494   211364940   第一样本阅览室/ [索取号:J212.099/1110] 在馆    
2 1136495   211364959   第一借阅区/ [索取号:J212.099/1110] 在馆    
3 1136496   211364968   第一借阅区/ [索取号:J212.099/1110] 在馆    
4 1136497   211364977   第一借阅区/ [索取号:J212.099/1110] 在馆    
唐山师范学院图书馆 欢迎您!
大连网信软件有限公司© 版权所有